000 00482nam a2200157Ia 4500
005 20250923144425.0
008 008 250917s9999 xx 000 0 eng d
037 _aReports
040 _aDSWL
_beng
_cDSWL
041 _aeng
_2eng
084 _qDSWL
100 _aDeshpande, S.R
_9824760
245 0 _aReport an enquiry into the cost and standards of living of plantation workers in Assam and Bangal
_cby S.R Deshpande
942 _cREP
999 _c1438682
_d1438682